• 首页
  • 本馆介绍
  • 公告通知
  • 最新文献
  • 馆藏检索
  • 电子资源
  • 读者导购
  • 参考咨询
  • 我的图书馆
  • 登录
  • 详细信息显示
  • 放入我的书架
  • 预约/预借图书
  • 作者相关作品
  • 分类相关作品
  • 丛书相关作品
  • 出版社相关作品

书目信息

  • 表格格式
  • 工作单格式
  • 卡片格式
题名:
特种冶炼与金属功能材料
    
 
作者: 崔雅茹 , 王超 编
分册:  
出版信息: 北京   冶金工业出版社  2010
页数: 236页
开本: 21cm
丛书名:
单 册:
中图分类: TF111
科图分类:
主题词: 熔炼--教材--高等学校
电子资源:
ISBN: 978-7-5024-5278-0
000 00815nam0 2200241 450
001 785
005 20160908110459.71
010    @a978-7-5024-5278-0@dCNY20.00
100    @a20101030d2010 em y0chiy50 ea
101 0  @achi
102    @aCN@b110000
105    @ay z 000yy
200 1  @a特种冶炼与金属功能材料@9te zhong ye lian yu jin shu gong neng cai liao@f崔雅茹,王超编
210    @a北京@c冶金工业出版社@d2010
215    @a236页@d21cm
300    @a高等学校规划教材
330    @a本书阐述了常见特种熔炼方法的基本原理、设备结构以及冶金过程工艺特点,并介绍了特种冶金生产的部分典型合金的性质、特点及应用领域等。
606 0  @a熔炼@j教材@x高等学校
690    @aTF111@v4
701  0 @a崔雅茹@9cui ya ru@4编
701  0 @a王超@9wang chao@4编
801  0 @aCN@b唐山师范学院图书馆@c20160723
905    @aZUCC@dTF111@e34
    
    特种冶炼与金属功能材料/崔雅茹,王超编.-北京:冶金工业出版社,2010
    236页;21cm
    高等学校规划教材
    
    ISBN 978-7-5024-5278-0:CNY20.00
    本书阐述了常见特种熔炼方法的基本原理、设备结构以及冶金过程工艺特点,并介绍了特种冶金生产的部分典型合金的性质、特点及应用领域等。
●
相关链接 在E读中查询图书 在五车中查询图书 在当当中查询图书 在豆瓣中查询图书


正题名:特种冶炼与金属功能材料     索取号:TF111/34         预约/预借

序号 登录号 条形码 馆藏地/架位号 状态 备注
1 903430   209034301   第二样本阅览室/ [索取号:TF111/34] 在馆    
2 903431   209034310   第三借阅区/ [索取号:TF111/34] 在馆    
3 903432   209034329   第三借阅区/ [索取号:TF111/34] 在馆    
4 903433   209034338   第三借阅区/ [索取号:TF111/34] 在馆    
5 903434   209034347   第三借阅区/ [索取号:TF111/34] 在馆    
唐山师范学院图书馆 欢迎您!
大连网信软件有限公司© 版权所有